| 000 | 01500nas a2200277 i 4500 | ||
|---|---|---|---|
| 003 | DO-SdBNP | ||
| 005 | 20250716160710.0 | ||
| 007 | ta | ||
| 008 | 250716e2025 dr qn|p|r||||||0| |0spa d | ||
| 040 |
_aDO-SdBNP _bspa _cBNPHU _erda |
||
| 041 | _aspa | ||
| 110 |
_aRepública Dominicana. Superintendencia de Salud y Riesgos Laborales _988376 |
||
| 245 |
_aObservatorio del cáncer : _banalizamos el impacto de la enfermedad en el SFS / _cSuperintendencia de Salud y Riesgos Laborales. |
||
| 246 | _aSISALRIL | ||
| 264 |
_aSanto Domingo, República Dominicana : _bSuperintendencia de Salud y Riesgos Laborales, _c2025. |
||
| 300 |
_avolumen : _bilustraciones, fotografías ; _c28 cm. |
||
| 310 | _aEdición 1. Año 2025, (enero-marzo). | ||
| 336 |
_atexto _btxt _2rdacontent |
||
| 337 |
_asin mediación _bn _2rdamedia |
||
| 338 |
_avolumen _bnc _2rdacarrier |
||
| 362 | _a2025. | ||
| 520 | _aHoy tenemos la satisfacción de presentarles el primer número de SISALRIL AL DÍA, una revista informativa que nace con la intención de mantener a los lectores al tanto de los avances relevantes de la Superintendencia de Salud y Riesgos Laborales (SISALRIL), informaciones inéditas e innovaciones que permiten una gestión más eficiente y transparente, para contribuir a mejorar la protección en salud y el bienestar de los ciudadanos. | ||
| 650 | 0 |
_aSalud _91687 _vPublicación periódica |
|
| 650 | 0 |
_aAdministración de servicios de salud _913988 _vPublicación periódica |
|
| 942 |
_2ddc _cISSUE |
||
| 999 |
_c59566 _d59566 |
||